logo

Bir Sreshtho Munshi Abdur Rouf Library
Jhenaidah Cadet College

The winged horse anthology, (Record no. 9017)

MARC details
000 -LEADER
fixed length control field 00960nam a2200301 a 4500
001 - CONTROL NUMBER
JCCL Control Number 9017
003 - CONTROL NUMBER IDENTIFIER
JCCL marc code BD-JhCC
005 - DATE AND TIME OF LATEST TRANSACTION
control field 20180307121453.0
008 - FIXED-LENGTH DATA ELEMENTS--GENERAL INFORMATION
fixed length control field 180307s1929 nyu 001 0 eng d
035 ## - SYSTEM CONTROL NUMBER
system control number (BD-JhCC)9017
035 ## - SYSTEM CONTROL NUMBER
system control number (OCoLC)352253
040 ## - CATALOGING SOURCE
Original cataloging agency BD-JhCC
Transcribing agency ODaWU
Modifying agency BD-JhCC
-- DLC
041 ## - LANGUAGE CODE
Language code of Book eng
050 00 - LIBRARY OF CONGRESS CALL NUMBER
Classification number PR1175
Item number .A78
082 ## - DEWEY DECIMAL CLASSIFICATION NUMBER
Classification number 808.1
Author mark and Year AUS 1929
100 1# - MAIN ENTRY--PERSONAL NAME
Personal name Auslander, Joseph,
Dates associated with a name 1897-1965,
245 14 - TITLE STATEMENT
Title The winged horse anthology,
Statement of responsibility, etc by Joseph Auslander and Frank Ernest Hill; with decorations by Paul Honoré.
260 ## - PUBLICATION, DISTRIBUTION, ETC. (IMPRINT)
Place of publication, distribution, etc Garden City, N.Y.,
Name of publisher, distributor, etc Doubleday, Doran & Company, inc.,
Date of publication, distribution, etc 1929.
300 ## - PHYSICAL DESCRIPTION
Pagination xxxi, 669 p.
Dimensions 24 cm.
500 ## - GENERAL NOTE
General note Companion volume to the editors' The winged horse.
500 ## - GENERAL NOTE
General note "First edition."
504 ## - BIBLIOGRAPHY, ETC. NOTE
Bibliography, etc Includes Index and Bibliography
650 #0 - SUBJECT ADDED ENTRY--TOPICAL TERM
Topical term or geographic name as entry element English poetry.
650 #0 - SUBJECT ADDED ENTRY--TOPICAL TERM
Topical term or geographic name as entry element American poetry.
700 1# - ADDED ENTRY--PERSONAL NAME
Personal name Hill, Frank Ernest,
Dates associated with a name 1888-1969,
942 ## - ADDED ENTRY ELEMENTS (KOHA)
Source of classification or shelving scheme Dewey Decimal Classification
Koha item type Books
Holdings
Source of classification or shelving scheme Damaged status Not for loan Home library Current library Shelving location Date of accession Total Checkouts Full call number Barcode Date last seen Copy number Koha item type
Dewey Decimal Classification     JCC Rouf Library JCC Rouf Library General Stacks 03/07/2018   808.1 AUS 1929 11869 03/07/2018 C-1 Books

JCC Library | Contacts | JCC Home

Last Update on 23 September 2017
Copyright @ 2017-2020 JCC Rouf Library
Rouf Library, Jhenidah Cadet College (JCC), Bangladesh